000 00297nam a22001337a 4500
008 170825b xxu||||| |||| 00| 0 eng d
020 _a2900495095803
041 _aeng
080 _212TH
_a070
100 _a39
101 _aMED
245 _aLOOKING OUT LOOKING IN
_cADLER,R.B
942 _2udc
_cBK
999 _c24991
_d24991